60 casos prc̀ticos ISR, IETU, IDE, IVA, IMSS

Bibliographic Details
Main Author: Martn̕ez Gutiřrez, Javier
Format: eBook
Language:Spanish
Published: Mx̌ico D.F. : Ediciones Fiscales ISEF, 2012
Subjects:
Online Access:http://www.vlex.com/source/10946

MARC

LEADER 00000nam a22000007a 4500
005 20130402144919.0
007 cr|||| ||||
008 130402e2012 mx |||||s|||| 00||0 spa d
020 |a 978-607-406-392-9 
035 |a 10946 
040 |a vLex 
090 |c 4087  |d 4087 
100 1 0 |a Martn̕ez Gutiřrez, Javier  
245 1 0 |a 60 casos prc̀ticos  |b ISR, IETU, IDE, IVA, IMSS  |c / Javier Martn̕ez Gutiřrez   |h [Recurso electrn̤ico] 
256 |a Servicio en ln̕ea 
260 |a Mx̌ico D.F. :  |b Ediciones Fiscales ISEF,   |c 2012  
300 |a 1 Recurso electrn̤ico 
506 |a Contenido solo disponible en los productos indicados   |d vLex Global  |d vLex Global (Academic Edition, excluding Law Schools)  |d vLex Global (U.S. Academic Edition, Law Schools)  |d vLex Global (U.S. Academic Edition, excluding Law Schools)  |d vLex Global (Academic Edition, Law Schools) 
650 0 4 |a Derecho tributario  |z Mx̌ico 
740 |a vLex Libros (Servicio en ln̕ea) 
856 |a Acceso restringido  |u http://www.vlex.com/source/10946 
942 |c BOOK 
999 0 |a Taxation